The use of multimedia technologies in surveying (Record no. 104939)
[ view plain ]
| 000 -LEADER | |
|---|---|
| fixed length control field | 02278cam a2200181 4500 |
| 001 - CONTROL NUMBER | |
| control field | ##L131973 |
| 008 - FIXED-LENGTH DATA ELEMENTS--GENERAL INFORMATION | |
| fixed length control field | 051220n2000 000 0 eng u |
| 035 ## - SYSTEM CONTROL NUMBER | |
| System control number | (Sirsi) u131973 |
| 041 0# - LANGUAGE CODE | |
| Language code of text/sound track or separate title | eng |
| 100 1# - MAIN ENTRY--PERSONAL NAME | |
| Personal name | Jones, K.G. |
| 100 1# - MAIN ENTRY--PERSONAL NAME | |
| Personal name | Burrows, C.A. |
| 245 04 - TITLE STATEMENT | |
| Title | The use of multimedia technologies in surveying |
| 260 ## - PUBLICATION, DISTRIBUTION, ETC. | |
| Place of publication, distribution, etc. | London |
| Name of publisher, distributor, etc. | RICS |
| Date of publication, distribution, etc. | 2000 |
| 520 ## - SUMMARY, ETC. | |
| Summary, etc. | The ability for personal computers to manipulate and present audio and video data in addition to the more traditional text and graphical based data is not new. Indeed, 'Multi Media' applications have been around since the early 1980s and by the end of that decade many were proclaiming multimedia as one of the most promising methods for manipulating information which combined computers, graphics and sound (Bowen D, 1994). By the beginning of the 1990s multimedia had come to the attention of the Construction Industry and many predicted great advances in the way in which the industry generated and used information. Many hypothesised that developments which allowed the combination of text, graphics, animations, audio, images and video would not only effect the way construction professionals performed their tasks, but would most probably change the very nature of the tasks they performed. During the 90s these hypotheses were given added weight with the emergence of the Internet and e-commerce as an international business medium. Indeed, the significance of multimedia technologies to the Construction Industry was identified by Aouad, Alshawi and Bee (1997) where it was ranked as an important development and was linked to improvements in communication and training. The aim of this project was to begin to measure the degree to which multimedia technologies were influencing the work of the Construction/Property Industries. This paper reports the results of a questionnaire survey that examined the current use of multimedia within surveying organisations. The paper concludes that, whilst there is some evidence that digital communication technologies are being used by the surveying profession, the majority of surveyors are still to be convinced of the benefits. |
| 520 ## - SUMMARY, ETC. | |
| Summary, etc. | This item is no longer available. |
| 690 ## - LOCAL SUBJECT ADDED ENTRY--TOPICAL TERM (OCLC, RLIN) | |
| Topical term or geographic name as entry element | BUILT ENVIRONMENT-BUILDING INSPECTION-BUILDING SURVEYORS |
| 942 ## - ADDED ENTRY ELEMENTS (KOHA) | |
| Suppress in OPAC | 0 |
| Withdrawn status | Lost status | Source of classification or shelving scheme | Damaged status | Not for loan | Home library | Current library | Shelving location | Date acquired | Total Checkouts | Full call number | Barcode | Date last seen | Copy number | Price effective from | Koha item type |
|---|---|---|---|---|---|---|---|---|---|---|---|---|---|---|---|
| Dewey Decimal Classification | Virtual | Virtual | Online | 20/12/2005 | ONLINE PUBLICATION | 131973-1001 | 06/08/2019 | 1 | 06/08/2019 | Book |